De l'exécution des jugements étrangers d'après la jurisprudence française (Record no. 156834)

MARC details
000 -LEADER
campo de control de longitud fija 00734nam a22001935i 4500
001 - NÚMERO DE CONTROL
campo de control 156834
003 - IDENTIFICADOR DE NÚMERO DE CONTROL
campo de control ES-MaACL
005 - FECHA Y HORA DE LA ÚLTIMA TRANSACCIÓN
campo de control 20230906210517.0
008 - DATOS DE LONGITUD FIJA--INFORMACIÓN GENERAL
campo de control de longitud fija 040805s1889 fr |||| | fre d
040 ## - FUENTE DE CATALOGACIÓN
Centro catalogador/agencia de origen CAM
Lengua de catalogación spa
Centro/agencia transcriptor CAM
100 1# - ENTRADA PRINCIPAL--NOMBRE DE PERSONA
Nombre de persona Lachau, Charles.
9 (RLIN) 128558
245 10 - MENCIÓN DEL TÍTULO
Título De l'exécution des jugements étrangers d'après la jurisprudence française
Resto del título : avec le texte des principaux arrêts et jugements /
Mención de responsabilidad, etc. par Charles Lachau et Christian Daguin.
260 ## - PUBLICACIÓN, DISTRIBUCIÓN, ETC.
Lugar de publicación, distribución, etc. Paris :
Nombre del editor, distribuidor, etc. L. Larose et Forcel,
Fecha de publicación, distribución, etc. 1889 (
Lugar de fabricación/manufactura Bar-le-Duc :
Fabricante Imprimerie Contant-Laguerre)
300 ## - DESCRIPCIÓN FÍSICA
Extensión 240 p. ;
Dimensiones 23 cm.
650 #4 - PUNTO DE ACCESO ADICIONAL DE MATERIA--TÉRMINO DE MATERIA
Término de materia o nombre geográfico como elemento de entrada Justicia-
Subdivisión geográfica Francia.
9 (RLIN) 222668
700 11 - ENTRADA AGREGADA--NOMBRE PERSONAL
Nombre de persona Daguin, Christian.
9 (RLIN) 42435
852 ## - LOCALIZACIÓN
Ubicación ES-MaACL
Número de control de estantería F-1127
Nota libre -- Rust.
Holdings
Estatus retirado Estado de pérdida Estado de daño No para préstamo Colección Biblioteca de origen Biblioteca actual Ubicación en estantería Fecha de adquisición Fuente de adquisición Total de préstamos Signatura topográfica completa Código de barras Visto por última vez Precio de reemplazo Tipo de ítem Koha
        Libros del s. XIX Biblioteca del Ateneo de Madrid Biblioteca del Ateneo de Madrid Depósito 2 17/01/2008     F-1127 1164089 23/02/2023 23/02/2023 Libro impreso antiguo